Telematika v doprave

Bibliographic Details
Main Authors: Buková, Bibiána, 1974- (Author), Vechterová Švecová, Zuzana, 1980- (Author)
Format: Article
Language:Slovak
PhysicalDescription:Fotogr.
ISSN:1335-4000
Subjects:

MARC

LEADER 00000nab a2200000 a 4500
001 vtls008702360
003 SK-MaSNL
005 20260304141815.0
008 250505c2006 xo |||||||||||000 b|slo
015 |a SNBRB2006/05  |2 snkbucl 
035 |a (uuid)ffb9e985-4cd8-4420-bcee-6e1621716978 
035 |a urn:nbn:sk:snk-ab2yfn 
035 |a (urnnbn)urn:nbn:sk:snk:ar-a033z7 
038 |a SNKBUCL 
040 |a SNKBUCL  |b slo  |c SNKBUCL  |e AACR2 
041 0 |a slo 
044 |a xo  |c SK 
080 |a 656:004:621.398  |2 1997 
080 |a 621.398  |2 1997 
080 |a 004  |2 1997 
100 1 |a Buková, Bibiána,  |d 1974-  |4 aut  |9 215668 
245 1 0 |a Telematika v doprave  |c Bibiána Buková, Zuzana Švecová 
300 |b Fotogr. 
650 0 7 |a doprava  |2 snkbucl  |9 1777 
650 0 7 |a dopravná telematika  |2 snkbucl  |9 28637 
650 0 7 |a satelitná navigácia  |2 snkbucl  |9 330377 
650 0 7 |a GPS (navigačný systém)  |2 snkbucl  |9 168839 
650 0 7 |a rádiová identifikácia  |2 snkbucl  |9 70199 
700 1 |a Vechterová Švecová, Zuzana,  |d 1980-  |4 aut  |9 229651 
773 0 |t Quark  |g Roč. XII, č. 2 (2006), s. 32-33  |x 1335-4000 
850 |a Slovenská národná knižnica 
852 |a Slovenská národná knižnica 
954 |a odborná, vedecká literatúra pôvodná (slovenská)  |2 lita 
958 |a article2022 
958 |a OND 
958 |a EUIPO 
999 |c 2919682  |d 2921612